[Event "2 ELPI Chess"]
[Site "?"]
[Date "2023.01.28"]
[Round "2"]
[White "Motola, Jacopo"]
[Black "Medorini, Massimiliano"]
[Result "1-0"]
[WhiteElo "2211"]
[BlackElo "1885"]
[PlyCount "51"]
[SourceDate "2023.02.01"]

1. e4 c5 2. Nf3 e6 3. c3 d5 4. exd5 exd5 5. d4 Nf6 6. Bb5+ Bd7 7. Bxd7+ Qxd7 8.
O-O c4 9. Re1+ Be7 10. Qe2 Nc6 11. Ne5 Nxe5 12. dxe5 Ne4 13. Be3 O-O 14. Nd2
Nc5 15. Bxc5 Bxc5 16. Rad1 Qe6 17. Nf3 Rfe8 18. Ng5 Qf5 19. Rxd5 Bxf2+ 20. Qxf2
Qxg5 21. Rd7 Rxe5 22. Qxf7+ Kh8 23. Rxe5 Qxe5 24. Re7 Qc5+ 25. Kh1 Rg8 26. Re8
1-0